000 00537nam a2200181Ia 4500
008 100917s9999 xx 000 0 und d
082 _b41072
100 _aदांडेकर मालती
245 _aशततारका भा 1
260 _bअ. वि. गृह प्रकाशन
_c1969
300 _a70
365 _b2
520 _aबालविभाग
630 _aशततारका भा 1
650 _aबालविभाग
730 _aशततारका भा 1
942 _cBOOK
999 _c646466
_d646463